• 首页
  • 本馆介绍
  • 公告通知
  • 最新文献
  • 馆藏检索
  • 电子资源
  • 读者导购
  • 参考咨询
  • 我的图书馆
  • 登录
  • 详细信息显示
  • 放入我的书架
  • 预约/预借图书
  • 作者相关作品
  • 分类相关作品
  • 丛书相关作品
  • 出版社相关作品

书目信息

  • 表格格式
  • 工作单格式
  • 卡片格式
题名:
医学微生物学
    
 
作者: 袁正宏 主编
分册:  
出版信息: 上海   复旦大学出版社  2016.03
页数: 378页
开本: 26cm
丛书名:
单 册:
中图分类: R37
科图分类:
主题词: 医学微生物学--医学院校--教材
电子资源:
ISBN: 978-7-309-12096-7
000 01077nam0 2200241 450
001 3616
005 20181008105425.14
010    @a978-7-309-12096-7@dCNY85.00
100    @a20160523d2016 em y0chiy50 ea
101 0  @achi
102    @aCN@b310000
105    @aa z 001yy
200 1  @a医学微生物学@9yi xue wei sheng wu xue@b专著@dMedical microbiology@zeng@f袁正宏主编
210    @a上海@c复旦大学出版社@d2016.03
215    @a378页@c图@d26cm
300    @a基础医学本科核心课程系列教材/汤其群总主编
330    @a本教材共36章。主要内容包括:医学微生物学发展史和细菌的共有性特征以及生理、遗传变异等规律和细菌学检查;各种/类细菌包括细菌、支原体、衣原体、立克次体和螺旋体等的生物学特性、致病性、免疫以及治疗和预防和控制策略;医学病毒的共有性特征、复制、抗病毒免疫、病毒检测和病毒病防控策略等;呼吸道病毒、肠道病毒、肝炎病毒、虫媒病毒、出血热病毒、逆转录病毒、朊粒等。
510 1  @aMedical microbiology@zeng
606 0  @a医学微生物学@x医学院校@j教材
690    @aR37@v5
701  0 @a袁正宏@9yuan zheng hong@4主编
801  0 @aCN@b91MARC@c20160613
905    @aMuseLib@dR37@e315
    
    医学微生物学=Medical microbiology/袁正宏主编.-上海:复旦大学出版社,2016.03
    378页:图;26cm
    基础医学本科核心课程系列教材/汤其群总主编
    
    ISBN 978-7-309-12096-7:CNY85.00
    本教材共36章。主要内容包括:医学微生物学发展史和细菌的共有性特征以及生理、遗传变异等规律和细菌学检查;各种/类细菌包括细菌、支原体、衣原体、立克次体和螺旋体等的生物学特性、致病性、免疫以及治疗和预防和控制策略;医学病毒的共有性特征、复制、抗病毒免疫、病毒检测和病毒病防控策略等;呼吸道病毒、肠道病毒、肝炎病毒、虫媒病毒、出血热病毒、逆转录病毒、朊粒等。
●
相关链接 在E读中查询图书 在五车中查询图书 在当当中查询图书 在豆瓣中查询图书


正题名:医学微生物学     索取号:R37/315         预约/预借

序号 登录号 条形码 馆藏地/架位号 状态 备注
1 1122877   211228777   第二样本阅览室/ [索取号:R37/315] 在馆    
2 1122878   211228786   第三借阅区/ [索取号:R37/315] 在馆    
3 1122879   211228795   第三借阅区/ [索取号:R37/315] 在馆    
4 1122880   211228802   第三借阅区/ [索取号:R37/315] 在馆    
5 1122881   211228811   密集书库-生命科学系/ [索取号:R37/315] 在馆    
唐山师范学院图书馆 欢迎您!
大连网信软件有限公司© 版权所有